Most Populated Cities in the United States - Statistics

General Stats
  • This quiz has been taken 60 times
  • The average score is 42 of 100
Answer Stats
State City % Correct
Texas Houston
100%
Texas Dallas
98%
New York New York City
98%
Illinois Chicago
96%
California Los Angeles
96%
Arizona Phoenix
96%
Texas Austin
91%
Pennsylvania Philadelphia
91%
Florida Miami
87%
California San Francisco
87%
California San Diego
79%
Florida Jacksonville
77%
Nevada Las Vegas
77%
Florida Orlando
74%
Colorado Denver
72%
Michigan Detroit
72%
Indiana Indianapolis
72%
Washington Seattle
72%
District of Columbia Washington DC
72%
Massachusetts Boston
70%
Oklahoma Oklahoma City
70%
Oregon Portland
70%
Tennessee Nashville
68%
California Sacramento
68%
North Carolina Charlotte
66%
Texas El Paso
66%
Ohio Columbus
64%
Texas Fort Worth
64%
California San Jose
64%
Tennessee Memphis
62%
Texas San Antonio
62%
Missouri Kansas City
60%
Georgia Atlanta
57%
Ohio Cleveland
57%
North Carolina Raleigh
57%
Kentucky Louisville
55%
Maryland Baltimore
53%
Wisconsin Milwaukee
53%
Ohio Cincinnati
51%
New Mexico Albuquerque
49%
Colorado Colorado Springs
49%
California Fresno
47%
Louisiana New Orleans
47%
Minnesota Minneapolis
45%
Nebraska Omaha
43%
Missouri St. Louis
43%
Florida Tampa
43%
Hawaii Honolulu
38%
Wisconsin Madison
38%
Pennsylvania Pittsburgh
38%
California Oakland
34%
Minnesota St.Paul
34%
Oklahoma Tulsa
34%
Arizona Mesa
32%
Virginia Richmond
32%
Kansas Wichita
32%
Nevada Reno
28%
Kentucky Lexington
26%
Virginia Virginia Beach
26%
California Bakersfield
23%
New York Buffalo
23%
North Carolina Winston-Salem
23%
North Carolina Durham
21%
California Long Beach
21%
California Riverside
21%
California Anaheim
19%
Texas Arlington
19%
Colorado Aurora
19%
Indiana Fort Wayne
19%
California Irvine
19%
New Jersey Newark
19%
Alaska Anchorage
17%
Nebraska Lincoln
17%
Texas Lubbock
17%
California Stockton
17%
Arizona Tuscon
17%
Texas Corpus Christi
15%
New Jersey Jersey City
15%
Ohio Toledo
15%
Arizona Gilbert
13%
Texas Irving
13%
Texas Plano
13%
California Santa Ana
13%
Florida St. Petersburg
13%
Idaho Boise
11%
Arizona Chandler
11%
North Carolina Greensboro
11%
Nevada Henderson
11%
Virginia Norfolk
11%
California Chula Vista
9%
Texas Garland
9%
Arizona Glendale
9%
Nevada North Las Vegas
9%
Washington Spokane
9%
California Fremont
6%
Arizona Scottsdale
6%
Virginia Chesapeake
4%
Alabama Huntsville
4%
Florida Port St. Lucie
4%
Texas Laredo
2%
No matching quizzes found
Score Distribution
Percent of People with Each Score
Percentile by Number Answered
Your Score History
You have not taken this quiz